Catálogo público

The life cycle of Parachaenia myae gen. nov. sp. nov., a ciliate parasitic in Mya arenaria Linn from San Francisco Bay, California / (Record no. 202371)

MARC details
000 -CABECERA
campo de control de longitud fija 00930nam a2200277Ia 4500
001 - NÚMERO DE CONTROL
campo de control Para_3850
003 - IDENTIFICADOR DEL NÚMERO DE CONTROL
campo de control CHAP
008 - DATOS DE LONGITUD FIJA--INFORMACIÓN GENERAL
campo de control de longitud fija 220125s1936 xx 000 0 und d
010 ## - NÚMERO DE CONTROL DE LA BIBLIOTECA DEL CONGRESO
Número de control de LC 202371
040 ## - FUENTE DE LA CATALOGACIÓN
Centro/agencia transcriptor CHAP
090 ## - LOCALMENTE ASIGNADO TIPO-LC NÚMERO DE CLASIFICACIÓN (OCLC); NÚMERO DE CLASIFICACIÓN LOCAL (RLIN)
Número de clasificación (OCLC) (R) ; Numero de clasificación, CALL (RLIN) (NR) PA FOLLETO 1073
100 ## - ENTRADA PRINCIPAL--NOMBRE DE PERSONA
Nombre de persona Kafoid, Charles A
9 (RLIN) 62584
245 ## - MENCIÓN DE TÍTULO
Título The life cycle of Parachaenia myae gen. nov. sp. nov., a ciliate parasitic in Mya arenaria Linn from San Francisco Bay, California /
Mención de responsabilidad, etc. Charles A. Kaford and Mildred Bush
260 ## - PUBLICACIÓN, DISTRIBUCIÓN, ETC.
Lugar de publicación, distribución, etc. Bruxelles :
Nombre del editor, distribuidor, etc. Musée royal d'Histoire naturelle de Belgique
300 ## - DESCRIPCIÓN FÍSICA
Extensión 15 p.
440 ## - MENCIÓN DE SERIE/PUNTO DE ACCESO ADICIONAL--TÍTULO
Título Musée royal d'Histoire naturelle de Belgique. Bulletin; 12-22
9 (RLIN) 167528
650 ## - PUNTO DE ACCESO ADICIONAL DE MATERIA--TÉRMINO DE MATERIA
Término de materia o nombre geográfico como elemento de entrada Protozoarios patógenos
9 (RLIN) 92473
700 ## - PUNTO DE ACCESO ADICIONAL--NOMBRE DE PERSONA
Nombre de persona Bush Mildred
9 (RLIN) 16341
901 ## - ELEMENTOS DE DATOS A LOCAL LDA (RLIN)
a PA FOLLETO 1073
902 ## - ELEMENTOS DE DATOS B LOCAL, LDB (RLIN)
a A
905 ## - ELEMENTOS DE DATOS E LOCAL, LDE (RLIN)
a 0000001936 BRU 0000000000 00
910 ## - DATOS DE OPCIÓN DEL USUARIO (OCLC)
Datos de opción del usuario 1936
942 ## - ELEMENTOS DE PUNTO DE ACCESO ADICIONAL (KOHA)
Tipo de ítem Koha Parasitologia_
942 ## - ELEMENTOS DE PUNTO DE ACCESO ADICIONAL (KOHA)
Tipo de ítem Koha Parasitologia_
-- 1
Holdings
Estado de retiro Estado de pérdida Fuente del sistema de clasificación o colocación Estado dañado No para préstamo Código de colección Localización permanente Ubicación/localización actual Ubicación en estantería Fecha de adquisición Información codificada de la localización en otra ubicación Total de préstamos Código de barras Fecha visto por última vez Precio válido a partir de Tipo de ítem Koha Nota pública
    Clasificación Universidad Autónoma de Chapingo     Folletos Parasitologia Agricola Parasitologia Agricola   27/10/2005 PARA   PA_1187 25/01/2022 25/01/2022 Folleto 3